Pridaná hodnota v priemysle a pozície SR v EÚ

Podnikateľské subjekty by mali sledovať vývoj pridanej hodnoty, ako aj podiel pridanej hodnoty na celkových tržbách. Keď spoločnosť lacno nakupuje potrebné suroviny a polotovary znižuje svoje náklady, zvyšuje pridanú hodnotu a podiel vygenerovaného zisku v nej.

Uložené v:
Podrobná bibliografia
Hlavný autor: Szabo, Ľuboslav
Ďalší autori: Grznár, Miroslav
Médium: Kapitola
Jazyk:Slovak
Predmet:
Tagy: Pridať tag
Žiadne tagy, Buďte prvý, kto otaguje tento záznam!

MARC

LEADER 00000nla a2200000 4500
001 0240255
005 20240502073912.3
041 0 |a slo 
044 |a SK 
245 1 0 |a Pridaná hodnota v priemysle a pozície SR v EÚ  |c Ľuboslav Szabo, Miroslav Grznár 
520 |a Podnikateľské subjekty by mali sledovať vývoj pridanej hodnoty, ako aj podiel pridanej hodnoty na celkových tržbách. Keď spoločnosť lacno nakupuje potrebné suroviny a polotovary znižuje svoje náklady, zvyšuje pridanú hodnotu a podiel vygenerovaného zisku v nej. 
610 2 0 |a hodnota pridaná 
610 2 0 |a priemysel 
610 2 0 |a náklady a ceny 
610 2 0 |a tržby 
610 2 0 |a zisk 
100 1 |a Szabo, Ľuboslav 
700 1 |a Grznár, Miroslav